Score 0/30 Timer 04:00
1 Play Today
First Word % Correct
IN
91.4%
Burger
91.2%
Chick
90.3%
Hard
89.9%
Krispy
88.9%
Red
88%
T.G.I.
87.1%
Jack
86.8%
Long
86.6%
Baskin
86.6%
Papa
86.3%
Little
85.1%
Dairy
84.6%
White
83.9%
Five
83.5%
First Word % Correct
Buffalo
77.7%
Cracker
77.7%
Ruby
76.5%
Panda
73.1%
Dave
70.9%
Tim
70.7%
Steak
66.3%
Golden
62.4%
P.F.
62.3%
Jersey
60.1%
California
56.9%
El
55.7%
Applebee's
54.9%
Einstein
52.7%
Buca
36.8%
Remove Ads.
Support Sporcle.
Get the best of Sporcle when you Go Orange. This ad-free experience offers more features, more stats, and more fun while also helping to support Sporcle. Thank you for becoming a member.

You're not logged in!

Compare scores with friends on all Sporcle quizzes.
OR
Log In

Sporcle TV

Today on Sporcle TV


Watch our educational content, quiz creation guides, and fun videos on Sporcle TV.

Show Comments

Extras

Top Quizzes Today


Score Distribution

Paid Content

Your Account Isn't Verified!

In order to create a playlist on Sporcle, you need to verify the email address you used during registration. Go to your Sporcle Settings to finish the process.

Report this User

Report this user for behavior that violates our Community Guidelines.

Details: